00729nam a2200181 a 4500001001000000003000900010005001700019008004100036040002500077049000900102082001600111245016200127260009300289300002000382942001400402952011400416999001700530000013438DO-SdBNP20210601170017.0091124s1967 dr 001 0 spa d aDO-SdBNPbspacBNPHU aBNPD axxxxbD611p00aDiscurso pronunciado por el exelentícimo Señor Presidente de la República Dr. Joaquín Balaguer, el 20 de noviembre de 1967, en el Palacio Nacional /. aSanto Domingo :bDirección General de Información y Prensa de la Presidencia,c1967. a19 p. ;c22 cm. 2ddccLBS1 0010718PDaPDbPDcCTd2009-11-24iLF1l0oxxxx D611pp13438-10r2020-06-25w2020-06-25yLFPDZNo se presta c13064d13064